| 000 | 01076nam a2200229Ia 4500 | ||
|---|---|---|---|
| 999 |
_c44590 _d44590 |
||
| 001 | 11393 | ||
| 003 | GE_BSU | ||
| 005 | 20241008100842.0 | ||
| 008 | 181216s1970||||ge |||||||||||||| ||geo|| | ||
| 040 | _cGE_BSU | ||
| 041 | _ageo | ||
| 080 | _a634.84(075.8) რ-21 | ||
| 100 |
_aრამიშვილი, მ. _99426 |
||
| 245 |
_aამპელოგრაფია _bსახელმძღვ. სას-სამ. ინ-ტის სტუდენტებისათვის / _cმ. რამიშვილი, რედ. ნ. ნარსია |
||
| 264 |
_aთბილისი: _bგანათლება, _c1970. |
||
| 300 |
_a606 გვ.: _b24 სმ. |
||
| 501 | _aილ.საძიებელი გვ.587 | ||
| 653 | _aამპელოგრაფია | ||
| 653 | _aამპელოგრაფია -- სახელმძღვანელოები უმაღლესი სასწავლებლებისათვის. | ||
| 700 |
_aნარსია, ნ _eრედაქტორი _923334 |
||
| 942 |
_cBK _2udc |
||